| 000 | 00505nam a2200157Ia 4500 | ||
|---|---|---|---|
| 008 | 230917s9999||||xx |||||||||||||| ||und|| | ||
| 040 |
_e95955 _aMAIN |
||
| 041 | _aEnglish | ||
| 082 | _a345 K156S(5) | ||
| 100 | _aKathuria, R P | ||
| 245 | 0 | _aSupreme court on criminal law (1950-1996) v1- a to compensation, v2-complainent to eye-witness, v3-fabrication to lunatics, v5-raw materials to zone | |
| 250 | _a5th ed. | ||
| 260 |
_aNew Delhi _bProfessional _c1968 |
||
| 300 | _axxviii, 1212 p. | ||
| 942 | _cBK | ||
| 999 |
_c91909 _d91909 |
||